[Event "Open C"]
[Site "Polanica-Zdroj"]
[Date "2017.08.19"]
[Round "1.11"]
[White "Ciszewski, Krzysztof"]
[Black "Slomczewski, Michal"]
[Result "*"]
[BlackElo "1956"]
[WhiteElo "1496"]
[LiveChessVersion "1.4.8"]

1. d4 {[%clk 1:30:58]} d5 {[%clk 1:30:55]} 2. c4 {[%clk 1:31:23]} e6
{[%clk 1:31:16]} 3. Nf3 {[%clk 1:31:46]} c5 {[%clk 1:30:55]} 4. cxd5
{[%clk 1:32:01]} exd5 {[%clk 1:31:19]} 5. g3 {[%clk 1:31:40]} Nc6
{[%clk 1:31:07]} 6. Bg2 {[%clk 1:30:30]} Nf6 {[%clk 1:29:40]} 7. O-O
{[%clk 1:29:49]} Be7 {[%clk 1:24:44]} 8. dxc5 {[%clk 1:28:27]} Bxc5
{[%clk 1:22:16]} 9. Nc3 {[%clk 1:28:03]} Be6 {[%clk 1:19:51]} 10. Bf4
{[%clk 1:24:41]} a6 {[%clk 1:13:41]} 11. a3 {[%clk 1:22:51]} O-O {[%clk 1:07:20]}
12. Bg5 {[%clk 1:20:17]} d4 {[%clk 1:04:16]} *

[Event "Open C"]
[Site "Polanica-Zdroj"]
[Date "2017.08.19"]
[Round "1.12"]
[White "Kicinski, Jacek"]
[Black "Kurtycz, Maciej"]
[Result "1-0"]
[BlackElo "1495"]
[WhiteElo "1955"]
[LiveChessVersion "1.4.8"]

1. e4 {[%clk 1:30:57]} e5 {[%clk 1:30:52]} 2. Nf3 {[%clk 1:31:23]} Nc6
{[%clk 1:31:17]} 3. Bc4 {[%clk 1:31:50]} Nf6 {[%clk 1:31:29]} 4. d4
{[%clk 1:32:15]} exd4 {[%clk 1:31:41]} 5. O-O {[%clk 1:32:02]} Nxe4
{[%clk 1:31:37]} 6. Re1 {[%clk 1:31:10]} d5 {[%clk 1:32:03]} 7. Bxd5
{[%clk 1:30:44]} Qxd5 {[%clk 1:32:29]} 8. Nc3 {[%clk 1:31:03]} Qa5
{[%clk 1:32:30]} 9. Rxe4+ {[%clk 1:29:27]} Be7 {[%clk 1:30:02]} 10. Nxd4
{[%clk 1:29:26]} Bd7 11. Qe2 {[%clk 1:10:19]} Nxd4 {[%clk 1:21:55]} 12. Rxd4
{[%clk 1:05:47]} Be6 {[%clk 1:21:23]} 13. Qb5+ {[%clk 1:04:03]} Qxb5 14. Nxb5
{[%clk 1:04:03]} 1-0

[Event "Open C"]
[Site "Polanica-Zdroj"]
[Date "2017.08.21"]
[Round "2.1"]
[White "Slabek, Grzegorz"]
[Black "Bilczewska, Olga"]
[Result "1-0"]
[BlackElo "1659"]
[WhiteElo "2000"]
[LiveChessVersion "1.4.8"]

1. Nf3 {[%clk 1:28:45]} Nc6 {[%clk 1:30:45]} 2. d4 {[%clk 1:29:05]} d5
{[%clk 1:31:04]} 3. c4 {[%clk 1:29:15]} Bg4 {[%clk 1:30:01]} 4. Nc3
{[%clk 1:29:15]} Nf6 {[%clk 1:22:53]} 5. e3 {[%clk 1:28:16]} e6 {[%clk 1:22:11]}
6. Qb3 {[%clk 1:26:09]} Bxf3 {[%clk 1:17:14]} 7. gxf3 {[%clk 1:26:28]} Rb8
{[%clk 1:15:16]} 8. cxd5 {[%clk 1:26:24]} exd5 {[%clk 1:15:16]} 9. Bd2
{[%clk 1:24:50]} g6 {[%clk 1:12:55]} 10. h4 {[%clk 1:24:07]} Bg7 {[%clk 1:11:38]}
11. h5 {[%clk 1:24:29]} O-O {[%clk 1:05:29]} 12. hxg6 {[%clk 1:22:42]} fxg6
{[%clk 1:05:32]} 13. O-O-O {[%clk 1:22:46]} b6 {[%clk 1:02:29]} 14. f4
{[%clk 1:17:50]} Ne7 {[%clk 0:53:51]} 15. Be2 {[%clk 1:15:37]} c5
{[%clk 0:52:42]} 16. Be1 {[%clk 1:14:53]} c4 {[%clk 0:51:56]} 17. Qc2
{[%clk 1:12:03]} b5 {[%clk 0:50:16]} 18. f3 {[%clk 1:12:18]} b4 {[%clk 0:48:23]}
19. Na4 {[%clk 1:12:36]} Nf5 {[%clk 0:43:58]} 20. Bf2 {[%clk 1:13:01]} b3
{[%clk 0:38:21]} 21. axb3 {[%clk 1:12:53]} cxb3 {[%clk 0:38:39]} 22. Qc3
{[%clk 1:12:15]} Qd6 {[%clk 0:33:12]} 23. Nc5 {[%clk 1:11:32]} Rfc8
{[%clk 0:32:30]} 24. Kb1 {[%clk 1:10:14]} Qe7 {[%clk 0:27:08]} 25. Rc1
{[%clk 1:08:14]} Qd8 {[%clk 0:20:24]} 26. e4 {[%clk 1:07:13]} dxe4
{[%clk 0:20:12]} 27. fxe4 {[%clk 1:07:18]} Nxe4 {[%clk 0:19:33]} 28. Bc4+
{[%clk 1:07:36]} Kh8 {[%clk 0:19:09]} 29. Nxe4 {[%clk 1:07:55]} Qe8
{[%clk 0:13:41]} 30. Ng5 {[%clk 1:07:42]} h6 {[%clk 0:13:38]} 31. Qa5
{[%clk 1:05:21]} Nd6 {[%clk 0:10:37]} 32. Bd3 {[%clk 0:57:24]} Rxc1+
{[%clk 0:08:49]} 33. Rxc1 {[%clk 0:57:44]} hxg5 {[%clk 0:08:17]} 34. Rh1+
{[%clk 0:57:40]} Kg8 {[%clk 0:08:34]} 35. Qd5+ {[%clk 0:57:57]} Nf7
{[%clk 0:08:42]} 36. Bxg6 {[%clk 0:57:44]} gxf4 {[%clk 0:08:33]} 37. Re1
{[%clk 0:56:46]} Qf8 {[%clk 0:08:07]} 38. Bh4 {[%clk 0:55:45]} 1-0

[Event "Open C"]
[Site "Polanica-Zdroj"]
[Date "2017.08.21"]
[Round "2.2"]
[White "Chmielewski, Miroslaw"]
[Black "Pyka, Roman"]
[Result "0-1"]
[BlackElo "1991"]
[WhiteElo "1660"]
[LiveChessVersion "1.4.8"]

1. e4 {[%clk 1:30:30]} d5 {[%clk 1:30:33]} 2. Nc3 {[%clk 1:30:01]} Nf6
{[%clk 1:28:53]} 3. e5 {[%clk 1:27:33]} d4 {[%clk 1:29:11]} 4. exf6
{[%clk 1:26:55]} dxc3 {[%clk 1:29:28]} 5. fxg7 {[%clk 1:25:51]} cxd2+
{[%clk 1:29:45]} 6. Qxd2 Qxd2+ 7. Bxd2 {[%clk 1:24:44]} Bxg7 {[%clk 1:30:05]} 8.
O-O-O {[%clk 1:24:21]} O-O {[%clk 1:26:19]} 9. Bf4 {[%clk 1:07:31]} e5
{[%clk 1:22:40]} 10. Be3 {[%clk 1:07:47]} b6 {[%clk 1:18:36]} 11. Nf3
{[%clk 1:04:31]} Bb7 {[%clk 1:04:43]} 12. Bc4 {[%clk 0:57:32]} c5
{[%clk 0:44:23]} 13. Nh4 {[%clk 0:55:52]} Nc6 {[%clk 0:33:44]} 14. Nf5
{[%clk 0:54:35]} Na5 {[%clk 0:30:52]} 15. Be2 {[%clk 0:44:26]} Rfd8
{[%clk 0:27:34]} 16. f3 {[%clk 0:37:01]} Bf8 {[%clk 0:23:56]} 17. Bg5
{[%clk 0:36:15]} Rxd1+ {[%clk 0:18:53]} 18. Rxd1 {[%clk 0:36:14]} Nc6
{[%clk 0:19:12]} 19. c3 {[%clk 0:33:18]} Bc8 {[%clk 0:17:58]} 20. Ng3
{[%clk 0:21:22]} Be6 {[%clk 0:16:59]} 21. Bb5 {[%clk 0:18:07]} Be7
{[%clk 0:12:03]} 22. Bh6 {[%clk 0:14:14]} Rc8 {[%clk 0:11:28]} 23. b3
{[%clk 0:13:15]} Nb8 {[%clk 0:09:40]} 24. Bd3 {[%clk 0:10:29]} c4
{[%clk 0:08:52]} 25. bxc4 {[%clk 0:09:11]} Bxc4 {[%clk 0:07:14]} 26. Bxc4
{[%clk 0:09:06]} Rxc4 {[%clk 0:07:00]} 27. Kb2 {[%clk 0:07:33]} f6
{[%clk 0:05:14]} 28. Nf5 {[%clk 0:07:18]} Kf7 {[%clk 0:04:36]} 29. g3
{[%clk 0:05:36]} Rc7 {[%clk 0:04:42]} 30. Be3 {[%clk 0:04:02]} Nc6
{[%clk 0:04:56]} 31. f4 {[%clk 0:03:17]} Bf8 {[%clk 0:04:18]} 32. Nd6+
{[%clk 0:03:15]} Bxd6 {[%clk 0:04:17]} 33. Rxd6 {[%clk 0:03:43]} Na5
{[%clk 0:04:39]} 34. Kc2 Nc4 {[%clk 0:04:31]} 35. fxe5 {[%clk 0:02:01]} Nxd6
{[%clk 0:03:40]} 36. exd6 {[%clk 0:02:23]} Rc6 {[%clk 0:03:47]} 37. Bf4
{[%clk 0:02:35]} Ke6 {[%clk 0:04:11]} 38. Kb3 {[%clk 0:02:33]} b5
{[%clk 0:04:09]} 39. Kb4 {[%clk 0:02:03]} a6 {[%clk 0:04:06]} 40. h3
{[%clk 0:01:12]} Rc4+ {[%clk 0:04:18]} 41. Kb3 {[%clk 0:01:15]} a5
{[%clk 0:03:51]} 42. a3 {[%clk 0:01:13]} Re4 {[%clk 0:03:03]} 43. Kc2
{[%clk 0:00:47]} Ra4 {[%clk 0:02:34]} 44. Kb3 {[%clk 0:01:05]} Kd7
{[%clk 0:02:53]} 45. Kb2 {[%clk 0:01:23]} Kc6 {[%clk 0:03:15]} 46. Kb3
{[%clk 0:01:42]} Re4 {[%clk 0:03:39]} 47. Kc2 {[%clk 0:01:57]} Re2+
{[%clk 0:03:54]} 48. Kb1 {[%clk 0:01:24]} h5 {[%clk 0:02:53]} 49. g4
{[%clk 0:00:31]} hxg4 {[%clk 0:03:11]} 50. hxg4 {[%clk 0:00:55]} Re4
{[%clk 0:03:31]} 0-1

[Event "Open C"]
[Site "Polanica-Zdroj"]
[Date "2017.08.21"]
[Round "2.3"]
[White "Litner, Igor"]
[Black "Zamarska, Sylwia"]
[Result "1-0"]
[BlackElo "1653"]
[WhiteElo "1991"]
[LiveChessVersion "1.4.8"]

1. d4 {[%clk 1:29:30]} d5 {[%clk 1:30:51]} 2. Nf3 {[%clk 1:29:30]} Nc6
{[%clk 1:30:50]} 3. Bf4 {[%clk 1:27:31]} Nf6 {[%clk 1:29:43]} 4. e3
{[%clk 1:27:48]} Bg4 {[%clk 1:29:33]} 5. Nbd2 {[%clk 1:27:18]} e6
{[%clk 1:29:24]} 6. h3 {[%clk 1:24:33]} Bh5 {[%clk 1:27:46]} 7. Bb5
{[%clk 1:24:01]} Bd6 {[%clk 1:26:08]} 8. Bxd6 {[%clk 1:24:16]} cxd6
{[%clk 1:25:15]} 9. c4 {[%clk 1:18:54]} Qb6 {[%clk 1:16:23]} 10. Qa4
{[%clk 1:15:55]} a6 {[%clk 1:14:45]} 11. Bxc6+ {[%clk 1:09:33]} Qxc6
{[%clk 1:13:45]} 12. Qxc6+ {[%clk 1:09:52]} bxc6 {[%clk 1:14:09]} 13. Rc1
{[%clk 1:08:56]} Bxf3 {[%clk 1:12:01]} 14. gxf3 {[%clk 1:06:09]} Kd7
{[%clk 1:10:57]} 15. Ke2 {[%clk 1:06:29]} Rab8 {[%clk 1:07:04]} 16. b3
{[%clk 1:06:53]} Rhc8 {[%clk 1:06:52]} 17. f4 {[%clk 1:03:03]} g6
{[%clk 1:05:22]} 18. f3 {[%clk 1:00:20]} Nh5 {[%clk 1:02:24]} 19. Kd3
{[%clk 1:00:00]} f5 {[%clk 1:01:05]} 20. h4 {[%clk 0:58:00]} Rb7 {[%clk 0:53:10]}
21. c5 {[%clk 0:52:58]} dxc5 {[%clk 0:48:12]} 22. Rxc5 {[%clk 0:53:17]} Rb5
{[%clk 0:48:25]} 23. Rhc1 {[%clk 0:53:34]} Rxc5 {[%clk 0:47:58]} 24. Rxc5
{[%clk 0:53:48]} Rb8 {[%clk 0:48:13]} 25. Nb1 {[%clk 0:51:58]} Rb5
{[%clk 0:47:31]} 26. Rc1 {[%clk 0:49:41]} Kd6 {[%clk 0:42:12]} 27. Nc3
{[%clk 0:49:48]} Rb8 {[%clk 0:41:35]} 28. Na4 {[%clk 0:50:06]} Nf6
{[%clk 0:41:02]} 29. Nc5 {[%clk 0:50:29]} a5 {[%clk 0:41:00]} 30. Na4
{[%clk 0:50:01]} Nd7 {[%clk 0:39:49]} 31. h5 {[%clk 0:47:38]} Rg8
{[%clk 0:37:13]} 32. Rg1 {[%clk 0:46:04]} Ke7 {[%clk 0:36:11]} 33. hxg6
{[%clk 0:46:04]} Rxg6 {[%clk 0:35:57]} 34. Rxg6 {[%clk 0:46:19]} hxg6
{[%clk 0:36:22]} 35. Kc3 {[%clk 0:46:39]} Kd6 {[%clk 0:36:04]} 36. b4
{[%clk 0:46:33]} axb4+ {[%clk 0:34:27]} 37. Kxb4 {[%clk 0:47:01]} Nf6
{[%clk 0:27:46]} 38. Nc5 {[%clk 0:47:13]} Ne8 {[%clk 0:26:45]} 39. Nd3
{[%clk 0:46:38]} Kc7 {[%clk 0:25:56]} 40. Ne5 {[%clk 0:46:39]} Nd6
{[%clk 0:25:55]} 41. a4 {[%clk 0:43:28]} Kb6 {[%clk 0:23:55]} 42. a5+
{[%clk 0:41:32]} Ka6 {[%clk 0:24:16]} 43. Kc5 {[%clk 0:41:08]} Nb7+
{[%clk 0:24:28]} 44. Kxc6 {[%clk 0:41:31]} Nxa5+ {[%clk 0:24:49]} 45. Kd6
{[%clk 0:41:37]} Nc4+ {[%clk 0:24:57]} 46. Kxe6 {[%clk 0:42:03]} Nxe3
{[%clk 0:25:14]} 47. Nxg6 {[%clk 0:42:28]} Kb5 {[%clk 0:24:48]} 48. Ne7
{[%clk 0:42:21]} Kc4 {[%clk 0:24:01]} 49. Ke5 {[%clk 0:42:41]} Ng2
{[%clk 0:22:30]} 50. Nxf5 {[%clk 0:40:52]} Ne1 {[%clk 0:21:55]} 51. Nd6+
{[%clk 0:40:55]} Kd3 {[%clk 0:22:01]} 52. Kxd5 {[%clk 0:40:58]} Nxf3
{[%clk 0:22:09]} 53. f5 {[%clk 0:40:18]} Ng5 {[%clk 0:21:42]} 54. f6
{[%clk 0:40:25]} Nh7 {[%clk 0:21:32]} 55. f7 {[%clk 0:40:48]} Ke3
{[%clk 0:21:18]} 56. Ke5 {[%clk 0:40:11]} Kd3 {[%clk 0:20:51]} 57. d5
{[%clk 0:40:30]} Kc3 {[%clk 0:21:03]} 58. Ne4+ {[%clk 0:40:45]} Kb4
{[%clk 0:21:18]} 59. Ng5 {[%clk 0:41:04]} Nf8 {[%clk 0:21:12]} 60. Ne6
{[%clk 0:41:25]} 1-0

[Event "Open C"]
[Site "Polanica-Zdroj"]
[Date "2017.08.21"]
[Round "2.4"]
[White "Szylko, Waldemar"]
[Black "Tomalak, Stanislaw"]
[Result "1-0"]
[BlackElo "1646"]
[WhiteElo "1989"]
[LiveChessVersion "1.4.8"]

1. e4 {[%clk 1:30:54]} e5 {[%clk 1:30:52]} 2. Bc4 {[%clk 1:31:14]} Nf6
{[%clk 1:31:01]} 3. d3 {[%clk 1:31:34]} Nc6 {[%clk 1:30:58]} 4. Nc3
{[%clk 1:31:43]} Be7 {[%clk 1:29:54]} 5. Nf3 {[%clk 1:31:51]} d6 {[%clk 1:30:09]}
6. h3 {[%clk 1:31:46]} O-O {[%clk 1:30:02]} 7. O-O {[%clk 1:31:57]} Be6
{[%clk 1:29:34]} 8. Be3 {[%clk 1:31:21]} Bxc4 {[%clk 1:29:14]} 9. dxc4
{[%clk 1:31:38]} Qd7 {[%clk 1:27:28]} 10. a3 {[%clk 1:31:22]} h6 {[%clk 1:22:25]}
11. Qd3 {[%clk 1:31:04]} Rad8 {[%clk 1:18:34]} 12. Rad1 {[%clk 1:29:49]} Qc8
{[%clk 1:12:03]} 13. Ne2 {[%clk 1:23:34]} Rfe8 {[%clk 1:08:30]} 14. Ng3
{[%clk 1:23:35]} Bf8 {[%clk 1:08:21]} 15. Nf5 {[%clk 1:20:40]} Ne7
{[%clk 1:06:59]} 16. N3h4 {[%clk 1:18:51]} Nxf5 {[%clk 1:05:51]} 17. Nxf5
{[%clk 1:18:47]} Kh7 {[%clk 1:05:47]} 18. Bc1 {[%clk 1:12:47]} g6
{[%clk 1:04:45]} 19. Ng3 {[%clk 1:12:32]} Bg7 {[%clk 1:02:54]} 20. b3
{[%clk 1:10:31]} c6 {[%clk 1:02:12]} 21. f4 {[%clk 1:03:35]} d5 {[%clk 0:57:55]}
22. fxe5 {[%clk 0:58:36]} dxe4 {[%clk 0:55:36]} 23. Qe3 {[%clk 0:54:20]} Rxd1
{[%clk 0:54:32]} 24. Rxd1 {[%clk 0:54:47]} Rxe5 {[%clk 0:52:29]} 25. Qxa7
{[%clk 0:50:13]} Nh5 {[%clk 0:44:30]} 26. Ne2 {[%clk 0:47:01]} f5
{[%clk 0:43:50]} 27. Bb2 {[%clk 0:44:29]} Re7 {[%clk 0:43:46]} 28. Bxg7
{[%clk 0:44:44]} Rxg7 {[%clk 0:42:08]} 29. Qd4 {[%clk 0:44:36]} Qe6
{[%clk 0:41:29]} 30. Qd6 {[%clk 0:42:37]} Qf7 {[%clk 0:40:40]} 31. Qe5
{[%clk 0:41:27]} Qe7 {[%clk 0:39:06]} 32. Qxe7 {[%clk 0:38:22]} Rxe7
{[%clk 0:39:25]} 33. c5 {[%clk 0:38:10]} f4 {[%clk 0:38:19]} 34. Kf2
{[%clk 0:37:43]} g5 {[%clk 0:38:21]} 35. Rd6 {[%clk 0:37:09]} Kg7
{[%clk 0:38:09]} 36. c4 {[%clk 0:36:49]} Nf6 {[%clk 0:37:56]} 37. Nd4
{[%clk 0:35:52]} Re5 {[%clk 0:31:41]} 38. b4 {[%clk 0:31:45]} Kf7
{[%clk 0:29:14]} 39. Rd8 {[%clk 0:30:23]} g4 {[%clk 0:27:35]} 40. hxg4
{[%clk 0:30:32]} Nxg4+ {[%clk 0:27:49]} 41. Ke2 {[%clk 0:28:26]} Ne3
{[%clk 0:27:09]} 42. g3 {[%clk 0:27:36]} Nxc4 {[%clk 0:25:35]} 43. gxf4
{[%clk 0:27:38]} Rd5 {[%clk 0:25:14]} 44. Rxd5 {[%clk 0:26:46]} cxd5
{[%clk 0:25:35]} 45. a4 {[%clk 0:24:30]} h5 {[%clk 0:25:03]} 46. b5
{[%clk 0:24:12]} Ke7 {[%clk 0:23:31]} 47. Kf2 {[%clk 0:19:38]} Nb2
{[%clk 0:15:40]} 48. c6 {[%clk 0:15:11]} bxc6 {[%clk 0:15:39]} 49. Nxc6+
{[%clk 0:15:01]} Kd6 {[%clk 0:15:37]} 50. a5 {[%clk 0:14:42]} Nd3+
{[%clk 0:15:19]} 51. Kg3 {[%clk 0:11:06]} Kc5 {[%clk 0:12:21]} 52. a6
{[%clk 0:09:17]} Kb6 {[%clk 0:12:30]} 53. f5 {[%clk 0:07:10]} Nc5
{[%clk 0:11:39]} 54. Nd4 {[%clk 0:07:05]} Nd7 {[%clk 0:11:13]} 55. Kh4
{[%clk 0:06:44]} Kc5 {[%clk 0:09:20]} 56. a7 {[%clk 0:04:55]} Nb6
{[%clk 0:09:20]} 57. f6 {[%clk 0:04:54]} Kd6 {[%clk 0:09:02]} 58. Kxh5
{[%clk 0:05:11]} e3 {[%clk 0:07:56]} 59. Kg6 {[%clk 0:05:21]} 1-0

[Event "Open C"]
[Site "Polanica-Zdroj"]
[Date "2017.08.21"]
[Round "2.5"]
[White "Wysocki, Mateusz"]
[Black "Budnik, Mateusz"]
[Result "0-1"]
[BlackElo "1987"]
[WhiteElo "1658"]
[LiveChessVersion "1.4.8"]

1. e4 {[%clk 1:30:54]} c5 {[%clk 1:30:45]} 2. Nf3 {[%clk 1:31:15]} e6
{[%clk 1:31:10]} 3. d4 {[%clk 1:31:26]} cxd4 {[%clk 1:31:35]} 4. Nxd4
{[%clk 1:31:53]} a6 {[%clk 1:31:59]} 5. Bd3 {[%clk 1:31:33]} Nc6 {[%clk 1:32:25]}
6. Nxc6 {[%clk 1:29:33]} bxc6 {[%clk 1:32:50]} 7. O-O {[%clk 1:29:43]} d5
{[%clk 1:32:55]} 8. Nc3 {[%clk 1:28:06]} Nf6 {[%clk 1:32:45]} 9. Re1
{[%clk 1:23:47]} Be7 {[%clk 1:31:54]} 10. e5 {[%clk 1:23:36]} Nd7
{[%clk 1:32:11]} 11. Qg4 {[%clk 1:23:26]} g6 {[%clk 1:29:29]} 12. f4
{[%clk 1:17:46]} Bb7 {[%clk 1:23:28]} 13. Ne2 {[%clk 1:05:57]} c5
{[%clk 1:18:10]} 14. c3 {[%clk 1:02:39]} h5 {[%clk 1:12:25]} 15. Qh3
{[%clk 0:58:02]} Qc7 {[%clk 1:10:55]} 16. Be3 {[%clk 0:55:56]} O-O-O
{[%clk 1:06:09]} 17. Rac1 {[%clk 0:52:51]} Rdg8 {[%clk 1:01:30]} 18. Ng3
{[%clk 0:42:19]} h4 {[%clk 0:58:42]} 19. Nf1 {[%clk 0:42:34]} g5 {[%clk 0:58:28]}
20. fxg5 {[%clk 0:42:39]} Bxg5 {[%clk 0:57:52]} 21. b4 {[%clk 0:41:31]} c4
{[%clk 0:52:01]} 22. Bc2 {[%clk 0:41:18]} Bxe3+ {[%clk 0:50:16]} 23. Nxe3
{[%clk 0:41:14]} Nxe5 {[%clk 0:47:17]} 24. Rcd1 {[%clk 0:41:24]} d4
{[%clk 0:39:30]} 25. cxd4 {[%clk 0:40:13]} Nf3+ {[%clk 0:39:54]} 26. Kh1
{[%clk 0:40:32]} Nxe1 {[%clk 0:40:02]} 27. Rxe1 {[%clk 0:40:57]} Kb8
{[%clk 0:38:34]} 28. Rd1 {[%clk 0:39:37]} Qf4 {[%clk 0:37:18]} 29. Ba4
{[%clk 0:38:26]} c3 {[%clk 0:36:40]} 30. Bc2 {[%clk 0:37:55]} Rh6
{[%clk 0:32:17]} 31. Kg1 {[%clk 0:36:19]} Rg3 {[%clk 0:31:22]} 32. hxg3
{[%clk 0:36:40]} Qxe3+ {[%clk 0:31:41]} 33. Kf1 {[%clk 0:37:04]} hxg3
{[%clk 0:32:02]} 0-1

[Event "Open C"]
[Site "Polanica-Zdroj"]
[Date "2017.08.21"]
[Round "2.6"]
[White "Gromczak, Dariusz"]
[Black "Sawicki, Jerzy"]
[Result "0-1"]
[BlackElo "1612"]
[WhiteElo "1979"]
[LiveChessVersion "1.4.8"]

1. e4 {[%clk 1:30:58]} d5 {[%clk 1:27:57]} 2. exd5 {[%clk 1:31:11]} Qxd5
{[%clk 1:27:59]} 3. Nc3 {[%clk 1:31:24]} Qe6+ {[%clk 1:26:17]} 4. Be2
{[%clk 1:30:46]} Qg6 {[%clk 1:26:38]} 5. Nf3 {[%clk 1:25:02]} Qxg2
{[%clk 1:26:26]} 6. Rg1 {[%clk 1:24:54]} Qh3 {[%clk 1:26:31]} 7. d4
{[%clk 1:24:09]} g6 {[%clk 1:23:22]} 8. Nb5 {[%clk 1:04:47]} Na6 {[%clk 1:18:11]}
9. d5 {[%clk 1:02:14]} Bg7 {[%clk 1:09:50]} 10. Bf4 {[%clk 1:01:10]} Qd7
{[%clk 1:04:20]} 11. c4 {[%clk 0:48:22]} Bxb2 {[%clk 0:47:06]} 12. Rb1
{[%clk 0:45:50]} Bg7 {[%clk 0:46:27]} 13. Ne5 {[%clk 0:35:14]} Qf5
{[%clk 0:37:32]} 14. Nd3 {[%clk 0:35:26]} c6 {[%clk 0:34:31]} 15. dxc6
{[%clk 0:30:20]} bxc6 {[%clk 0:34:05]} 16. Bf3 {[%clk 0:30:04]} Bd7
{[%clk 0:18:59]} 17. Qe2 {[%clk 0:19:09]} Qe6 {[%clk 0:12:06]} 18. Nc5
{[%clk 0:17:12]} Qxe2+ {[%clk 0:11:13]} 19. Kxe2 {[%clk 0:17:38]} Nxc5
{[%clk 0:05:44]} 20. Nc7+ {[%clk 0:17:27]} Kf8 {[%clk 0:05:46]} 21. Nxa8
{[%clk 0:17:35]} f5 {[%clk 0:05:07]} 22. Be3 {[%clk 0:14:49]} Ne6
{[%clk 0:03:14]} 23. Bxa7 {[%clk 0:14:11]} Nf6 {[%clk 0:02:42]} 24. Rb8+
{[%clk 0:13:53]} Kf7 {[%clk 0:02:41]} 25. Rxh8 {[%clk 0:11:09]} Bxh8
{[%clk 0:03:01]} 26. Rd1 {[%clk 0:10:59]} Bg7 {[%clk 0:01:39]} 27. Nb6
{[%clk 0:09:42]} Be8 {[%clk 0:01:39]} 28. Na4 {[%clk 0:07:50]} g5
{[%clk 0:01:18]} 29. Nc5 {[%clk 0:06:45]} Nf4+ {[%clk 0:01:27]} 30. Kf1
{[%clk 0:06:52]} g4 {[%clk 0:01:19]} 31. Be2 {[%clk 0:05:58]} Ng6
{[%clk 0:01:32]} 32. a4 {[%clk 0:05:41]} h5 {[%clk 0:01:45]} 33. a5
{[%clk 0:05:59]} Ne5 {[%clk 0:01:10]} 34. a6 {[%clk 0:06:02]} Nfd7
{[%clk 0:01:27]} 35. Nxd7 {[%clk 0:06:15]} Bxd7 {[%clk 0:00:54]} 36. Bc5
{[%clk 0:04:30]} Bc8 {[%clk 0:01:05]} 37. a7 {[%clk 0:04:35]} Bb7
{[%clk 0:01:29]} 38. Rb1 0-1

[Event "Open C"]
[Site "Polanica-Zdroj"]
[Date "2017.08.21"]
[Round "2.8"]
[White "Szczesniak, Andrzej"]
[Black "Dytman, Radoslaw"]
[Result "1/2-1/2"]
[BlackElo "1601"]
[WhiteElo "1970"]
[LiveChessVersion "1.4.8"]

1. d4 {[%clk 1:30:53]} Nf6 {[%clk 1:30:49]} 2. c4 {[%clk 1:31:17]} g6
{[%clk 1:31:05]} 3. Nc3 {[%clk 1:31:32]} Bg7 {[%clk 1:31:13]} 4. e4
{[%clk 1:31:30]} d6 {[%clk 1:31:20]} 5. Be2 {[%clk 1:31:37]} O-O {[%clk 1:31:11]}
6. Nf3 {[%clk 1:31:14]} e5 {[%clk 1:30:52]} 7. Be3 {[%clk 1:31:08]} Nc6
{[%clk 1:28:01]} 8. d5 {[%clk 1:29:01]} Ne7 {[%clk 1:27:32]} 9. Nd2
{[%clk 1:29:22]} Nd7 {[%clk 1:24:57]} 10. O-O {[%clk 1:26:14]} f5
{[%clk 1:23:15]} 11. f3 {[%clk 1:26:34]} f4 {[%clk 1:15:09]} 12. Bf2
{[%clk 1:26:42]} g5 {[%clk 1:11:08]} 13. b4 {[%clk 1:22:01]} Ng6 {[%clk 1:07:36]}
14. c5 {[%clk 1:21:37]} Nf6 {[%clk 1:06:18]} 15. Nc4 {[%clk 1:19:40]} Rf7
{[%clk 0:49:57]} 16. cxd6 {[%clk 1:08:03]} cxd6 {[%clk 0:50:19]} 17. Nb5
{[%clk 1:07:55]} Bf8 {[%clk 0:50:00]} 18. Bxa7 {[%clk 0:51:23]} Rxa7
{[%clk 0:32:49]} 19. Nxa7 {[%clk 0:51:18]} Bd7 {[%clk 0:33:09]} 20. a4
{[%clk 0:51:34]} g4 {[%clk 0:28:26]} 21. Nb5 {[%clk 0:49:36]} g3 {[%clk 0:13:26]}
22. Nbxd6 {[%clk 0:22:45]} Bxd6 {[%clk 0:06:13]} 23. Nxd6 {[%clk 0:22:51]} Qb6+
{[%clk 0:06:22]} 24. Kh1 {[%clk 0:22:38]} Qxd6 {[%clk 0:06:39]} 25. Bb5
{[%clk 0:17:09]} gxh2 {[%clk 0:03:57]} 26. Bxd7 {[%clk 0:12:34]} Rxd7
{[%clk 0:04:20]} 27. Qc2 {[%clk 0:07:21]} Nh5 {[%clk 0:03:18]} 28. Kxh2
{[%clk 0:06:41]} Rc7 {[%clk 0:02:53]} 29. Qd2 {[%clk 0:06:08]} Ng3
{[%clk 0:02:23]} 30. Rfc1 {[%clk 0:06:21]} Rxc1 {[%clk 0:01:33]} 31. Qxc1
{[%clk 0:05:49]} Qd8 {[%clk 0:01:20]} 32. Qb2 {[%clk 0:03:21]} Qd6
{[%clk 0:00:39]} 33. Rc1 {[%clk 0:02:19]} Nh4 {[%clk 0:00:42]} 34. Qc3
{[%clk 0:01:47]} Ng6 {[%clk 0:00:32]} 35. Qc8+ {[%clk 0:01:40]} Nf8
{[%clk 0:00:39]} 36. Qg4+ {[%clk 0:01:45]} Kh8 {[%clk 0:00:53]} 37. Qg5
{[%clk 0:01:26]} h6 {[%clk 0:00:50]} 38. Qg4 {[%clk 0:01:31]} Qxb4
{[%clk 0:00:34]} 39. Rc8 {[%clk 0:01:31]} Qe7 {[%clk 0:00:34]} 40. Kh3
{[%clk 0:01:26]} Kh7 {[%clk 0:00:35]} 41. Qh4 {[%clk 0:01:24]} Qd7+
{[%clk 0:00:39]} 42. Qg4 {[%clk 0:01:54]} Qe7 {[%clk 0:00:56]} 43. Qh4
{[%clk 0:01:32]} Qd7+ {[%clk 0:01:06]} 44. Qg4 {[%clk 0:01:57]} Qe7
{[%clk 0:01:17]} 45. Rc7 Qb4 46. Rc8 Kh8 47. Kh2 1/2-1/2

[Event "Open C"]
[Site "Polanica-Zdroj"]
[Date "2017.08.21"]
[Round "2.9"]
[White "Sypien, Natan"]
[Black "Zminda, Bogdan"]
[Result "1/2-1/2"]
[BlackElo "1957"]
[WhiteElo "1625"]
[LiveChessVersion "1.4.8"]

1. Nf3 c5 2. b3 Nf6 3. Bb2 g6 4. Bxf6 exf6 5. c4 d5 6. cxd5 Qxd5 7. Nc3 Qh5 8. e4
Be6 9. Bb5+ Nc6 10. d4 cxd4 11. Bxc6+ bxc6 12. Qxd4 Be7 13. O-O O-O 14. Qe3 Bd6
15. Rfd1 Rfd8 16. Ne2 Kg7 17. Nf4 Qg4 18. Nxe6+ Qxe6 19. Rac1 c5 20. Re1 Rac8 21.
Rc4 Be5 22. Nxe5 Qxe5 23. Rec1 Rd4 24. Qxd4 cxd4 25. Rxc8 Qxe4 26. Rd8 Qe2 27.
Rxd4 Qxa2 28. b4 a5 29. bxa5 Qxa5 30. g3 Qa3 31. Rdc4 1/2-1/2